Kačička divoká výber zo slovenských ľudových balád a baladických piesní

Bibliographic Details
Other Authors: Mučaji, Pavel, 1929-2014 (Compiler), Milović, Đorđe (Illustrator)
Format: Book
Language:Slovak
PhysicalDescription:103 s. ilustr. 21 cm
Published: Beograd Zavod za udžbenike 2008
ISBN:9788617151896 (viaz.)
Edition:2. vyd.
Series:Domáce čítanie pre žiakov 6. ročníka základnej školy
Subjects:

MARC

LEADER 00000nam a2200000 a 4500
001 vtls009358002
003 SK-MaSNL
005 20260301024329.0
008 160830s2008 yu a c 000 p slo
015 |a SNBZSA2009-00097 
020 |a 9788617151896 (viaz.) 
035 |a E84BD8F1-EAED-4BE0-B49E-AE2409A50C48 
035 |a urn:nbn:sk:snk-amkz1h 
035 |a urn:nbn:sk:snk-am008phj 
040 |a SNK  |b slo  |c SNK  |e AACR2 
041 0 |a slo 
043 |a e-xo--- 
044 |a rb  |c RS 
072 7 |a 821.162.4  |x Slovenská literatúra  |2 konspekt 
072 7 |a 398  |x Folklór  |2 konspekt 
080 |a 821.162.4-1  |2 2001 
080 |a 398.8(=162.4)  |2 2001 
080 |a 37.016(075.2)  |2 2001 
245 0 0 |a Kačička divoká  |b výber zo slovenských ľudových balád a baladických piesní  |c [výber urobil, predhovor, doslov a didakticko-metodické návody napísal Pavel Mučaji ; ilustroval Djorđe Milović] 
250 |a 2. vyd. 
260 |a Beograd  |b Zavod za udžbenike  |c 2008 
300 |a 103 s.  |b ilustr.  |c 21 cm 
490 1 |a Domáce čítanie pre žiakov 6. ročníka základnej školy 
500 |a 300 výt. 
500 |a Obsahuje aj: Krása slovenských ľudových balád 
650 0 7 |a ľudová slovesnosť  |2 snkph  |9 67005 
655 7 |a balady  |2 snkph  |9 1440 
655 7 |a baladické piesne  |2 snkph  |9 318219 
655 7 |a čítanky  |2 snkph  |9 60817 
700 1 |a Mučaji, Pavel,  |d 1929-2014  |4 com  |9 159590 
700 1 |a Milović, Đorđe  |4 ill  |9 318220 
740 0 2 |a Krása slovenských ľudových balád 
830 0 |a Domáce čítanie pre žiakov 6. ročníka základnej školy  |9 318221 
919 |a 978-86-17-15189-6 
958 |a OND 
958 |a ZS 
958 |a LX 
999 |c 570949  |d 572879 
952 |a SNK  |b SNK  |y PREZ  |7 0  |p 17A0610381  |o snkSC 134556  |i snk2009/2606  |8 2  |g 4.02  |0 0  |1 0  |4 0  |d 2008-11-06  |f 1  |l 0  |r 2025-06-30 00:00:00  |w 2026-02-23